| 000 | 00443cam a22001337a 4500 | ||
|---|---|---|---|
| 008 | 180718b1967 xxu||||| |||| 00| 0 eng d | ||
| 082 | _aT000x54 R812m | ||
| 100 | _aRoy, Ajit | ||
| 245 |
_aA marxist commentary on economic developments in India 1951-1965 : a selection of articles and notes _cby Ajit Roy |
||
| 260 |
_aCalcutta _bNational _c1967 |
||
| 300 | _a160p. | ||
| 650 | _aIndia --Economic conditions --1947 | ||
| 650 | _aMarxian economics | ||
| 999 |
_c431199 _d431199 |
||